000 01284nam a22002777a 4500
999 _c19147
_d19147
005 20251125232913.0
008 s2546 th tha d
020 _a9745718599
040 _aNALT
041 _atha
100 0 _aธานินทร์ กรัยวิเชียร
_9431
245 1 0 _aคำแนะนำนักศึกษากฎหมาย [3rd]
260 3 _aกรุงเทพฯ :
_bสำนักพิมพ์มหาวิทยาลัยธรรมศาสตร์,
_c2546
300 _a329 หน้า ;
_b 29 ซม.
650 0 4 _aกฎหมาย -- การศึกษาและการสอน
650 0 4 _aการตีความกฎหมาย
650 0 4 _aนักกฎหมาย -- จริยธรรม
650 0 4 _aนักศึกษากฎหมาย -- คู่มือ
650 0 4 _aนักศึกษากฎหมาย -- หน้าที่
650 0 4 _aปัญหากฎหมาย -- การวินิจฉัย
850 _aNALT
856 4 0 _uhttps://hdl.handle.net/20.500.14156/302656
_71
942 _cLB
_2lcc
_01
998 _j111
_k นางสาวพจพิณ พรมเอี่ยม
090 _aKC31 ธ515ค 2546